| 000 | 01362nac a22003371u 4500 | ||
|---|---|---|---|
| 999 |
_c9545 _d9545 |
||
| 003 | EG-ScBUE | ||
| 005 | 20210517100019.0 | ||
| 008 | 200219s2004 ii f 000 0beng d | ||
| 020 | _a8175812109 | ||
| 040 |
_aEG-ScBUE _beng _erda _cEG-ScBUE _dEG-ScBUE |
||
| 082 | 0 | 4 |
_a821.534 _bJOH _222 |
| 100 | 1 |
_aJohnson, Samuel, _d1709-1784, _eauthor. |
|
| 245 |
_aLife of pope : _bedited with text, critical introduction, critical and explanatory comments / _cSamuel Johnson, Dr. Raghukul Tilak, M.A., Ph.D. formerly head, Department of English, Meerut College, Dr. Anupam Gupta, M.A., Ph.D. |
||
| 250 | _aFourth edition. | ||
| 264 | 1 |
_aNew Delhi : _bRama Brothers India Pvt. Ltd., _c2004. |
|
| 300 |
_axii, 383 pages ; _c20 cm |
||
| 336 |
_2rdacontent _atext _btxt |
||
| 337 |
_2rdamedia _aunmediated _bn |
||
| 338 |
_2rdacarrier _avolume _bnc |
||
| 500 | _aDistributer: Al-Ahram. | ||
| 600 | 1 | 7 |
_aPope, Alexander, _d1688-1744. _2BUEsh |
| 650 | 7 |
_aPoets, English _vBiography _yEarly works to 1800. _2BUEsh |
|
| 650 | 7 |
_aEnglish poetry _yEarly modern, 1500-1700 _xHistory and criticism. _2BUEsh |
|
| 650 | 7 |
_aEnglish poetry _y18th century _xHistory and criticism. _2BUEsh |
|
| 651 | _2BUEsh | ||
| 653 |
_bHHUUEENN _cMay2021 |
||
| 655 |
_vReading book _934232 |
||
| 700 | 1 |
_aTilak, Raghukul, _eauthor. |
|
| 700 | 1 |
_aGupta, Anupam, _eauthor. |
|
| 942 |
_cBB _k821.509 JOH _2ddc |
||